|
|
|
|
| LEADER |
00000nam0a2200000 4500 |
| 001 |
377996 |
| 005 |
20231101054236.0 |
| 035 |
|
|
|a (RuTPU)RU\TPU\retro\35451
|
| 035 |
|
|
|a RU\TPU\book\341119
|
| 090 |
|
|
|a 377996
|
| 100 |
|
|
|a 20230503d1962 m y0rusy50 ca
|
| 101 |
0 |
|
|a rus
|
| 102 |
|
|
|a UA
|
| 105 |
|
|
|a a j 000zy
|
| 200 |
1 |
|
|a Радиоэлектроника. Руководство к лабораторным работам и электронному практикуму
|e учебное пособие
|f А. В. Итин
|g под ред. С. А. Волотковского
|
| 210 |
|
|
|a Харьков
|c Изд-во Харьковского ун-та
|d 1962
|
| 215 |
|
|
|a 195 с.
|c ил.
|e 1 л. схем
|
| 333 |
|
|
|a Исключено из фонда НТБ ТПУ
|
| 675 |
|
|
|a 621.37/.39(076)
|v 4
|
| 700 |
|
1 |
|a Итин
|b А. В.
|
| 702 |
|
1 |
|a Волотковский
|b С. А.
|4 340
|
| 801 |
|
1 |
|a RU
|b 63413507
|c 20160304
|
| 801 |
|
2 |
|a RU
|b 63413507
|c 20230503
|g RCR
|
| 942 |
|
|
|c BK
|